000
00339nam a2200133Ia 4500
008
231017s9999 xx 000 0 und d
082
_a
388.11209
082
_b
AUS
245
4
_a
The Outlook for Road Related Revenues and Road Transport Demand (AP-R215)
245
0
_c
Austroads
260
_b
Austroads
300
_c
30cm
942
_c
REP
999
_c
604300
_d
604300